000 01179nam a22002777a 4500
001 5776
003 FISKH
005 20250820100616.0
008 250121b cb ||||| |||| 00| 0 eng d
020 _a9780545344760
040 _aFISKH
_beng
_cFISKH
_dFISKH
050 _aTL540.E3
082 _a629.13092
100 _aTaylor, Sarah Stewart
245 _aAmelia Earhart :
_bThis broad ocean /
_cby Sarah Stewart Taylor & Ben Towle with an introduction by Eileen Collins
260 _aNew York :
_bScholastic ,
_c2010.
300 _a78 pages :
_bcolor illustrations ;
_c26 cm .
505 _aZ
520 _aGrace, an aspiring young journalist, is excited when Amelia Earhart arrives in her town of Trepassey, Newfoundland, on June 4, 1928. Earhart wants to become the first female passenger to cross the Atlantic Ocean by air. Grace is there to see them--and to receive Earhart's telegram announcing their arrival in Ireland after twenty hours and forty minutes in flight.
521 8 _a1080
_bLexile GN
521 8 _aZ
_bRaz-Plus
650 _agraphic novels
_vfiction
700 _aTowle, Ben
_eillustrator
942 _2ddc
_cBK
_n0
999 _c5776
_d5776